000 00744nam a2200241 a 4500
001 2324170
003 GBCCL
005 20241126110418.0
008 820812s1981 tnua b 000 0 eng
010 _a 81186121
040 _aDLC
_cDLC
_dDLC
050 0 0 _aBV4398
_b.S77
082 0 0 _a253.2
_219
_bSTR
245 0 0 _aStress in the life of the minister /
_ccompiled by Brooks R. Faulkner.
260 _aNashville, Tenn. :
_bConvention Press,
_cc1981.
300 _a158 p. :
_bill. ;
_c21 cm.
504 _aIncludes bibliographical references.
650 0 _aClergy
_xPsychology.
_93413
650 0 _aStress (Psychology)
_94384
700 1 _aFaulkner, Brooks R.
_94385
906 _a7
_bcbc
_corignew
_d3
_encip
_f19
_gy-gencatlg
942 _2ddc
_cBK
_01
999 _c2133
_d2133